[Event "Terrassa op"]
[Site "Terrassa"]
[Date "1996.??.??"]
[Round "8"]
[White "Ubilava, Elizbar"]
[Black "Ubach Miralda, Marcelo"]
[Result "1-0"]
[WhiteElo "2540"]
[BlackElo "2300"]
[PlyCount "133"]
[EventDate "1996.07.??"]
[EventType "swiss"]
[EventRounds "9"]
[EventCountry "ESP"]
[SourceTitle "EXT 2002"]
[Source "ChessBase"]
[SourceDate "2001.11.25"]
[SourceVersion "1"]
[SourceVersionDate "2001.11.25"]
[SourceQuality "1"]

1. c4 Nf6 2. Nc3 g6 3. e4 d6 4. d4 Bg7 5. Nf3 O-O 6. Be2 e5 7. Be3 exd4 8. Nxd4
Re8 9. f3 Nc6 10. O-O Nh5 11. Qd2 Nf4 12. Nxc6 Nxe2+ 13. Nxe2 bxc6 14. Bd4 c5
15. Bxg7 Kxg7 16. Nc3 Bb7 17. Rfe1 Bc6 18. Rad1 Rb8 19. b3 Qf6 20. Ne2 Re7 21.
Qa5 Rbe8 22. Ng3 h5 23. Nf1 Qe6 24. Ne3 Kh7 25. b4 cxb4 26. Qxb4 Qc8 27. c5
dxc5 28. Qxc5 Qa6 29. Rd2 Re5 30. Qc3 R8e7 31. Rc1 Qb6 32. Kh1 R5e6 33. Rd8 Re8
34. Rd4 Bb7 35. Rb4 Rc6 36. Rxb6 Rxc3 37. Rxc3 cxb6 38. Rc7 Rc8 39. Rxf7+ Kg8
40. Rd7 Rc3 41. Nd1 Rc1 42. h4 Bc6 43. Rd8+ Kf7 44. Kh2 Ke7 45. Rd2 a5 46. Ne3
b5 47. Nd5+ Kf7 48. Nf4 Rc3 49. Rd6 a4 50. Nxg6 Be8 51. Ne5+ Ke7 52. Rd2 a3 53.
Nd3 Bf7 54. Nb4 Rc4 55. Nd5+ Ke8 56. Kg3 b4 57. Kf4 Bxd5 58. Rxd5 Rc2 59. Rb5
Rxa2 60. Rxb4 Rxg2 61. Ra4 a2 62. e5 Rf2 63. Ra7 Kf8 64. Ke4 Rh2 65. Kf5 Rxh4
66. Rxa2 Rb4 67. Rh2 1-0

[Event "Terres Catalanes"]
[Site "Manresa"]
[Date "1996.??.??"]
[Round "1"]
[White "Ubilava, Elizbar"]
[Black "Mellado Trivino, Juan"]
[Result "1-0"]
[WhiteElo "2540"]
[BlackElo "2455"]
[Annotator "Meulders,R"]
[PlyCount "91"]
[EventDate "1996.09.??"]
[EventType "tourn"]
[EventRounds "9"]
[EventCountry "ESP"]
[EventCategory "9"]
[SourceTitle "CBM 056"]
[Source "ChessBase"]
[SourceDate "1997.02.01"]
[SourceVersion "1"]
[SourceVersionDate "1997.02.01"]
[SourceQuality "1"]

1. d4 f5 2. g3 Nf6 3. Bg2 g6 4. Nh3 d6 5. d5 c6 6. c4 e5 7. dxe6 Bxe6 8. b3 Bg7
9. Bb2 O-O 10. O-O Qe7 11. Nd2 Na6 12. Qc2 Rad8 13. a3 Nc5 14. Ng5 Bc8 15. b4
h6 $1 16. Ngf3 Nce4 17. b5 Rfe8 18. bxc6 bxc6 19. e3 c5 20. Rab1 Bb7 21. Nb3
Ba8 22. Nfd2 h5 $6 (22... Nxd2 $1 23. Nxd2 Bxg2 24. Kxg2 Rb8 {mit etwa
gleichem Spiel.}) 23. Nxe4 Nxe4 $2 {Im Leningrader Variante sollte Schwarz
moeglichst den Bg7 behalten, weil sonst die schwarze Felder zu sehr
geschwaecht werden, also} (23... Bxe4 24. Bxe4 fxe4 {und Schwarz ist voellig O.
K.}) 24. Bxg7 Kxg7 25. Nd2 Nxd2 $2 (25... Nf6 $1) 26. Qxd2 Bxg2 27. Kxg2 Qe4+
28. Kg1 h4 29. Rb3 hxg3 30. hxg3 Rd7 (30... Qxc4 $2 31. Rb7+ Kg8 32. Qb2 {
demonstriert sehr peinlich wie nuetzlich Bg7 und Nf6 waren.}) 31. Qc3+ Kg8 32.
Qd3 Qxd3 33. Rxd3 {Schwarz steht jetzt schlechter aber konnte sich mit ...Kf7
wahrscheinlich noch auf den Beinen halten. Nach seinem folgenden Zug wird die
Lage kritisch.} Rb8 $2 (33... Kf7 34. Rfd1 (34. Rb1 Ke6 35. Rb5 Rc8 36. Kg2 $14
) 34... Ke6) 34. Rfd1 Rb6 35. Rd5 Ra6 (35... Rc6) 36. Rxc5 Rxa3 37. Rc8+ Kf7
38. c5 $1 {Das hatte Schwarz wahrscheinlich uebersehen.} Ke6 {Der c-P
entscheidet die Partie.} 39. c6 Re7 40. Rd8 $18 Rc3 41. R1xd6+ Kf7 42. R8d7 a5
43. Rxe7+ Kxe7 44. Rxg6 a4 45. Rg7+ Kd6 46. Ra7 1-0

[Event "Terres Catalanes"]
[Site "Manresa"]
[Date "1996.??.??"]
[Round "4"]
[White "Ubilava, Elizbar"]
[Black "Pomes Marcet, Juan"]
[Result "1-0"]
[WhiteElo "2540"]
[BlackElo "2420"]
[PlyCount "73"]
[EventDate "1996.09.??"]
[EventType "tourn"]
[EventRounds "9"]
[EventCountry "ESP"]
[EventCategory "9"]
[SourceTitle "CBM 056"]
[Source "ChessBase"]
[SourceDate "1997.02.01"]
[SourceVersion "1"]
[SourceVersionDate "1997.02.01"]
[SourceQuality "1"]

1. d4 d5 2. Nf3 Nf6 3. c4 c6 4. e3 Bf5 5. cxd5 Nxd5 6. Nbd2 Bg6 7. Ne5 Nd7 8.
Nxg6 hxg6 9. Nf3 e6 10. a3 Be7 11. Bc4 Qc7 12. Bd2 N7b6 13. Ba2 Nc8 14. Qc2 a5
15. Ne5 Bf6 16. e4 Bxe5 17. exd5 Bxd4 18. dxe6 Qe5+ 19. Kf1 f5 20. Qd3 Ne7 21.
Re1 Qc5 22. Bxa5 Qxa5 23. Qxd4 O-O 24. Qe5 Qb6 25. Rd1 Ra5 26. Qd4 Qxd4 27.
Rxd4 Re8 28. h4 Nd5 29. Rh3 Rc5 30. Rhd3 Rxe6 31. Bxd5 cxd5 32. Rxd5 Rc1+ 33.
Rd1 Rc2 34. R5d2 Rc4 35. Rd6 Ree4 36. g3 Rc2 37. R1d2 1-0

[Event "Terres Catalanes"]
[Site "Manresa"]
[Date "1996.??.??"]
[Round "5"]
[White "Vehi Bach, Victor Manuel"]
[Black "Ubilava, Elizbar"]
[Result "0-1"]
[WhiteElo "2365"]
[BlackElo "2540"]
[PlyCount "89"]
[EventDate "1996.09.??"]
[EventType "tourn"]
[EventRounds "9"]
[EventCountry "ESP"]
[EventCategory "9"]
[SourceTitle "CBM 056"]
[Source "ChessBase"]
[SourceDate "1997.02.01"]
[SourceVersion "1"]
[SourceVersionDate "1997.02.01"]
[SourceQuality "1"]

1. e4 c5 2. Nf3 d6 3. d4 cxd4 4. Qxd4 Nc6 5. Bb5 Bd7 6. Bxc6 Bxc6 7. Nc3 h6 8.
O-O Nf6 9. e5 dxe5 10. Qxd8+ Rxd8 11. Nxe5 Rc8 12. Nxc6 Rxc6 13. Bf4 e6 14.
Rac1 Be7 15. Ne2 O-O 16. c4 Rd8 17. h3 Ne4 18. Rc2 Bc5 19. Ng3 Nxf2 20. Rfxf2
Bxf2+ 21. Kxf2 Rd4 22. Ke3 Rcxc4 23. Rxc4 Rxc4 24. Ne2 f6 25. Kd3 Rc8 26. Be3
a6 27. a4 Kf7 28. Nc3 Ke7 29. Ne4 f5 30. Nc5 Rc7 31. b4 Kd6 32. a5 e5 33. g4
fxg4 34. hxg4 Kd5 35. Ne4 Rf7 36. Nc3+ Kd6 37. Ke4 Rf1 38. Na4 Rb1 39. Kf5 Re1
40. Bc5+ Kc6 41. Nc3 Rc1 42. Ne2 Rc4 43. Kxe5 Rxg4 44. Nd4+ Kd7 45. Ne2 0-1

[Event "Catalunya-chT"]
[Site "Spain"]
[Date "1997.??.??"]
[Round "3"]
[White "Ubilava, Elizbar"]
[Black "Rodriguez Vargas, Orestes"]
[Result "1-0"]
[WhiteElo "2530"]
[BlackElo "2425"]
[PlyCount "65"]
[EventDate "1997.??.??"]
[EventType "team"]
[EventRounds "9"]
[EventCountry "ESP"]
[SourceTitle "EXT 2002"]
[Source "ChessBase"]
[SourceDate "2001.11.25"]
[SourceVersion "1"]
[SourceVersionDate "2001.11.25"]
[SourceQuality "1"]

1. d4 d5 2. Nf3 Nf6 3. c4 dxc4 4. e3 Bg4 5. Bxc4 e6 6. Nc3 a6 7. h3 Bh5 8. g4
Bg6 9. Ne5 Nbd7 10. Nxg6 hxg6 11. Bf1 c5 12. Bg2 Qc7 13. Qf3 Rb8 14. Bd2 b5 15.
Rc1 Bd6 16. g5 Nh5 17. Ne4 c4 18. Nxd6+ Qxd6 19. a3 Qb6 20. Qc6 Qd8 21. Qd6 Rb6
22. Bc6 Rxc6 23. Qxc6 O-O 24. Bc3 Nb8 25. Qg2 Qd7 26. Rd1 Nc6 27. O-O Rd8 28.
Rd2 Ne7 29. d5 exd5 30. Rfd1 Rc8 31. Bb4 Kh7 32. Qg4 Nf5 33. e4 1-0

[Event "Andorra op 15th"]
[Site "Andorra"]
[Date "1997.??.??"]
[Round "8"]
[White "Ubilava, Elizbar"]
[Black "Oms Pallisse, Josep"]
[Result "1-0"]
[WhiteElo "2535"]
[BlackElo "2450"]
[Annotator "Bulletin"]
[PlyCount "123"]
[EventDate "1997.07.??"]
[EventType "swiss"]
[EventRounds "9"]
[EventCountry "AND"]
[SourceTitle "CBM 058 Extra"]
[Source "ChessBase"]
[SourceDate "1997.07.29"]
[SourceVersion "1"]
[SourceVersionDate "1997.07.29"]
[SourceQuality "1"]

1. Nf3 Nf6 2. g3 g6 3. Bg2 Bg7 4. O-O O-O 5. c4 d6 6. Nc3 e5 7. d4 Nbd7 8. e3
Re8 9. b3 Nf8 10. dxe5 dxe5 11. Qxd8 Rxd8 12. Ba3 c6 13. Rad1 Re8 14. h3 h5 15.
Rd2 N8h7 16. Rfd1 Bf5 17. Kh2 g5 18. Ng1 Bf8 19. Bxf8 Kxf8 20. Na4 Re7 21. Nc5
Rc8 22. Rd8+ Rxd8 23. Rxd8+ Kg7 24. Ne2 g4 25. h4 b6 26. Nd3 Ne4 27. Nb4 Re6
28. Kg1 Bg6 29. Kf1 a5 30. Na6 Rf6 31. Bxe4 Bxe4 32. Nc7 Rg6 33. Nc3 Bf3 34.
Ke1 Nf6 35. Rd6 Kf8 36. Na8 Ke7 37. Rd2 b5 38. cxb5 cxb5 39. Nxb5 Ne4 40. Rc2
Rg8 41. Rc7+ Kf6 42. Nb6 Rd8 43. Rd7 Rb8 44. Nc7 Nc5 45. Ncd5+ Ke6 46. Nc7+ Kf6
47. Rd6+ Ke7 48. Nc4 e4 49. Nd5+ Kf8 50. Nxa5 Nd3+ 51. Kd2 Nxf2 52. Nf4 Rb5 53.
Nc6 Nh1 54. a4 Rxb3 55. Nxh5 f5 56. a5 Ra3 57. a6 Rd3+ (57... Rxa6 58. Rf6+ Ke8
(58... Kg8 59. Ne7+ Kh7 60. Rxa6) 59. Ng7+ Kd7 60. Ne5+ $18) 58. Rxd3 exd3 59.
Ne5 Be4 60. Nxd3 Ke7 61. Ke2 Bc6 62. a7 1-0

[Event "Benasque op 17th"]
[Site "Benasque"]
[Date "1997.??.??"]
[Round "3"]
[White "Granados Gomez, Manuel"]
[Black "Ubilava, Elizbar"]
[Result "0-1"]
[WhiteElo "2355"]
[BlackElo "2530"]
[PlyCount "96"]
[EventDate "1997.07.??"]
[EventType "swiss"]
[EventRounds "9"]
[EventCountry "ESP"]
[SourceTitle "EXT 1998"]
[Source "ChessBase"]
[SourceDate "1997.11.17"]
[SourceVersion "1"]
[SourceVersionDate "1997.11.17"]
[SourceQuality "1"]

1. d4 Nf6 2. Nf3 c5 3. d5 b5 4. Bg5 Qb6 5. e3 Bb7 6. Bxf6 Qxf6 7. c3 a6 8. a4
b4 9. a5 e6 10. Bc4 Qf5 11. O-O exd5 12. Bd3 Qf6 13. cxb4 c4 14. Bc2 Bxb4 15.
Nc3 Bxc3 16. bxc3 Bc6 17. Nd4 O-O 18. f4 Ra7 19. Rf3 g6 20. f5 g5 21. Rg3 h6
22. h4 Re8 23. hxg5 hxg5 24. Qh5 Kf8 25. Kf2 Ke7 26. Qxg5 Rb7 27. Ke2 Rh8 28.
Kd2 d6 29. Qxf6+ Kxf6 30. Rg1 Bd7 31. Rh3 Rxh3 32. gxh3 Nc6 33. Nxc6 Bxc6 34.
Rg8 Rb2 35. Kc1 Ra2 36. Kb1 Rxa5 37. h4 d4 38. exd4 Bf3 39. Rc8 Be2 40. Kc1
Ra1+ 41. Kd2 Ra2 42. Kc1 Bd3 43. Bxd3 cxd3 44. Re8 a5 45. Re3 d2+ 46. Kd1 a4
47. h5 a3 48. h6 Rb2 0-1

[Event "Montanchez"]
[Site "Montanchez"]
[Date "1998.??.??"]
[Round "?"]
[White "Granero Roca, Antonio"]
[Black "Ubilava, Elizbar"]
[Result "0-1"]
[WhiteElo "2350"]
[BlackElo "2540"]
[PlyCount "90"]
[EventDate "1998.??.??"]
[EventType "tourn"]
[EventRounds "9"]
[EventCountry "ESP"]
[SourceTitle "EXT 2003"]
[Source "ChessBase"]
[SourceDate "2002.11.25"]
[SourceVersion "1"]
[SourceVersionDate "2002.11.25"]
[SourceQuality "1"]

1. d4 Nf6 2. c4 g6 3. Nc3 Bg7 4. e4 O-O 5. h3 c6 6. Nf3 d5 7. e5 Ne4 8. Bd3
Nxc3 9. bxc3 dxc4 10. Bxc4 c5 11. O-O Nc6 12. Bg5 b6 13. Qa4 Na5 14. Be2 Bb7
15. dxc5 Qc7 16. cxb6 axb6 17. Rab1 Nc6 18. Qb3 Nxe5 19. Qxb6 Qxb6 20. Rxb6
Bxf3 21. Bxf3 Nxf3+ 22. gxf3 Bxc3 23. Bxe7 Rfe8 24. Bf6 Bxf6 25. Rxf6 Rxa2 26.
Kg2 Rd8 27. Rf4 Kg7 28. Rc1 Rd7 29. Kg3 Ra3 30. Rcc4 Rad3 31. h4 R3d5 32. Ra4
f5 33. Kg2 Kh6 34. Rfc4 Kh5 35. Rab4 Rd1 36. Ra4 h6 37. Rf4 Rg7 38. Ra6 Re7 39.
Rb4 Ree1 40. f4 Rh1 41. Rbb6 Rhg1+ 42. Kf3 Rd3+ 43. Ke2 Rd4 44. f3 Rg2+ 45. Ke3
Rdd2 0-1

[Event "Montanchez"]
[Site "Montanchez"]
[Date "1998.??.??"]
[Round "?"]
[White "Llanes Hurtado, Miguel"]
[Black "Ubilava, Elizbar"]
[Result "0-1"]
[WhiteElo "2315"]
[BlackElo "2540"]
[PlyCount "83"]
[EventDate "1998.??.??"]
[EventType "tourn"]
[EventRounds "9"]
[EventCountry "ESP"]
[SourceTitle "EXT 2003"]
[Source "ChessBase"]
[SourceDate "2002.11.25"]
[SourceVersion "1"]
[SourceVersionDate "2002.11.25"]
[SourceQuality "1"]

1. d4 Nf6 2. Nf3 g6 3. Bf4 Bg7 4. e3 d6 5. h3 O-O 6. Be2 Nbd7 7. O-O c5 8. c3
b6 9. a4 a6 10. Nbd2 Bb7 11. Qb1 Qc7 12. Bh2 Rac8 13. Re1 Rfe8 14. Qa2 Qb8 15.
Bc4 e6 16. Rad1 Bf8 17. e4 cxd4 18. cxd4 Qa8 19. Bd3 d5 20. e5 Ne4 21. Nf1 Nb8
22. Qb1 Bh6 23. Ne3 Bg7 24. Ng4 Nc6 25. Bxe4 dxe4 26. Ng5 Nb4 27. Nxe4 Bxe4 28.
Rxe4 Qc6 29. Ne3 Red8 30. d5 Nxd5 31. Red4 b5 32. axb5 Qxb5 33. Bg3 Rc5 34. b3
Rdc8 35. Qe4 Bf8 36. Nxd5 Rxd5 37. Rxd5 exd5 38. Qxd5 Qxd5 39. Rxd5 Bb4 40. Bf4
a5 41. Bd2 Bxd2 42. Rxd2 0-1

[Event "Montanchez"]
[Site "Montanchez"]
[Date "1998.??.??"]
[Round "?"]
[White "Ubilava, Elizbar"]
[Black "Allahverdiyev, Anar"]
[Result "1-0"]
[WhiteElo "2540"]
[BlackElo "2460"]
[PlyCount "51"]
[EventDate "1998.??.??"]
[EventType "tourn"]
[EventRounds "9"]
[EventCountry "ESP"]
[SourceTitle "EXT 2003"]
[Source "ChessBase"]
[SourceDate "2002.11.25"]
[SourceVersion "1"]
[SourceVersionDate "2002.11.25"]
[SourceQuality "1"]

1. Nf3 Nf6 2. g3 d5 3. Bg2 c6 4. d3 Bg4 5. Nbd2 Nbd7 6. b3 e5 7. h3 Bh5 8. O-O
Bd6 9. e4 O-O 10. Bb2 Re8 11. Qe2 a5 12. a3 Qc7 13. Rfe1 h6 14. Qf1 dxe4 15.
Nxe4 Nxe4 16. Rxe4 Bg6 17. Ree1 Bh7 18. Nd2 Bc5 19. Kh1 Re6 20. Re2 Rae8 21.
Rae1 b5 22. f4 exf4 23. Rxe6 fxe6 24. Qxf4 Bd6 25. Qg4 Ne5 26. Bxe5 1-0

[Event "Lisbon op 5th"]
[Site "Lisbon"]
[Date "1999.11.19"]
[Round "7"]
[White "Ubilava, Elizbar"]
[Black "Dominguez Perez, Leinier"]
[Result "1-0"]
[WhiteElo "2556"]
[BlackElo "2506"]
[PlyCount "93"]
[EventDate "1999.11.06"]
[EventType "swiss"]
[EventRounds "9"]
[EventCountry "POR"]
[SourceTitle "CBM 073 Extra"]
[Source "ChessBase"]
[SourceDate "2000.01.11"]
[SourceVersion "1"]
[SourceVersionDate "2000.01.11"]
[SourceQuality "1"]

1. c4 Nf6 2. Nc3 c6 3. d4 d5 4. cxd5 cxd5 5. Bf4 Nc6 6. e3 Bf5 7. Bb5 e6 8. Nf3
Nd7 9. O-O Qb6 10. Rc1 Be7 11. Qb3 a6 12. Bxc6 bxc6 13. Qxb6 Nxb6 14. Bc7 Nc4
15. Na4 Ra7 16. Bg3 Bd3 17. Rfd1 Be2 18. Re1 Bxf3 19. gxf3 Rb7 20. b3 Na5 21.
e4 Kd7 22. Bf4 Rb5 23. Nc3 Rb7 24. Re2 Ba3 25. Rcc2 Bb4 26. Bd2 Ra8 27. Na4 Rb5
28. Bxb4 Rxb4 29. Rc3 Kd6 30. Rd2 Nb7 31. Kf1 Rf8 32. Ke2 f5 33. e5+ Kd7 34. f4
Rc8 35. Ke3 a5 36. Rd1 Rc7 37. Rdc1 Rb5 38. Rg1 Ke8 39. Rgc1 Kd7 40. Ke2 Rb4
41. Kd3 Rb5 42. a3 Rc8 43. Rg1 Rg8 44. Kc2 g6 45. h4 Re8 46. h5 Rg8 47. Kb2 1-0

[Event "Ruta de Europa op 1st"]
[Site "Subijana de Alava"]
[Date "2001.04.25"]
[Round "3"]
[White "Valdes Romero, Leonardo"]
[Black "Ubilava, Elizbar"]
[Result "0-1"]
[WhiteElo "2338"]
[BlackElo "2526"]
[PlyCount "78"]
[EventDate "2001.04.23"]
[EventType "swiss"]
[EventRounds "7"]
[EventCountry "ESP"]
[SourceTitle "EXT 2002"]
[Source "ChessBase"]
[SourceDate "2001.11.25"]
[SourceVersion "1"]
[SourceVersionDate "2001.11.25"]
[SourceQuality "1"]

1. c4 e6 2. Nf3 d5 3. b3 Nf6 4. g3 c5 5. Bb2 Nc6 6. Bg2 d4 7. e3 e5 8. O-O Be7
9. exd4 exd4 10. d3 O-O 11. Na3 h6 12. Nc2 a5 13. Qd2 Ra6 14. Rab1 Nh7 15. Kh1
f5 16. Ng1 f4 17. gxf4 Bd6 18. Ne2 Qh4 19. Ne1 Ng5 20. Bd5+ Kh8 21. Ng2 Qh5 22.
f3 Ne7 23. Be4 Nf5 24. Qe1 Nh3 25. a3 Bc7 26. b4 Rg6 27. Bc1 Rxg2 28. Kxg2 Ne3+
29. Bxe3 dxe3 30. Kh1 Nxf4 31. Ng3 Qh3 32. Rg1 axb4 33. axb4 cxb4 34. Qxb4 Ne6
35. d4 Rf4 36. Qe7 Nf8 37. Qxc7 Qxh2+ 38. Kxh2 Rh4+ 39. Kg2 Bh3+ 0-1

[Event "Ruta de Europa op 1st"]
[Site "Subijana de Alava"]
[Date "2001.04.26"]
[Round "4"]
[White "Ubilava, Elizbar"]
[Black "Pogorelov, Ruslan"]
[Result "1-0"]
[WhiteElo "2526"]
[BlackElo "2429"]
[PlyCount "111"]
[EventDate "2001.04.23"]
[EventType "swiss"]
[EventRounds "7"]
[EventCountry "ESP"]
[SourceTitle "EXT 2002"]
[Source "ChessBase"]
[SourceDate "2001.11.25"]
[SourceVersion "1"]
[SourceVersionDate "2001.11.25"]
[SourceQuality "1"]

1. g3 c5 2. Bg2 Nc6 3. Nf3 g6 4. O-O Bg7 5. c3 e5 6. e4 Nge7 7. a3 O-O 8. d3 d6
9. b4 cxb4 10. axb4 b5 11. Na3 Rb8 12. Nc2 a5 13. bxa5 Nxa5 14. Nb4 Nec6 15.
Be3 Nxb4 16. cxb4 Nc6 17. Qd2 Bg4 18. h3 Bxf3 19. Bxf3 Qd7 20. Rfc1 Nd4 21.
Bxd4 exd4 22. Kg2 h5 23. Ra6 Rfc8 24. Rxc8+ Rxc8 25. Qa2 Rc3 26. Ra8+ Kh7 27.
Ra7 Qe6 28. Qxe6 fxe6 29. e5 dxe5 30. Be4 Rb3 31. Ra6 Rxb4 32. Rxe6 Rb1 33.
Bxg6+ Kg8 34. Re8+ Bf8 35. Rxe5 b4 36. Rb5 b3 37. Rb7 b2 38. Bf7+ Kh8 39. Ba2
Rd1 40. Rxb2 Rxd3 41. Rb5 h4 42. Rh5+ Kg7 43. Rxh4 Bc5 44. Rh7+ Kf6 45. Rf7+
Ke5 46. Rf3 Rd1 47. Bb3 Rd2 48. Bc4 Ke4 49. h4 d3 50. h5 Rd1 51. Rf4+ Ke5 52.
h6 d2 53. h7 Rg1+ 54. Kxg1 d1=Q+ 55. Kg2 Qd8 56. Bg8 1-0

[Event "Santo Antonio 4th"]
[Site "Santo Antonio"]
[Date "2001.05.20"]
[Round "2"]
[White "Ubilava, Elizbar"]
[Black "Fernando, Diogo"]
[Result "1-0"]
[WhiteElo "2526"]
[BlackElo "2404"]
[Annotator "Tyomkin,D"]
[PlyCount "53"]
[EventDate "2001.05.19"]
[EventType "tourn"]
[EventRounds "9"]
[EventCountry "POR"]
[EventCategory "9"]
[SourceTitle "CBM 084"]
[Source "ChessBase"]
[SourceDate "2001.09.13"]
[SourceVersion "1"]
[SourceVersionDate "2001.09.13"]
[SourceQuality "1"]

1. d4 f5 2. g3 Nf6 3. Bg2 g6 4. Nh3 Bg7 5. Nf4 Nc6 {The idea of black is to
respond with central blow e7-e5 on white's attack on the kingside- h2-h4-h5;} (
{Among other possibilities of black, the main one is:} 5... d6) 6. h4 {This
move looks like the most logical, but probably 6.d5 is a correct answer on 5...
Nc6; After 6.h4 black may take control over the center by 6...e5!?} (6. d5 Ne5
7. h4 c6 (7... Nfg4 $5) 8. Nc3 O-O 9. h5 cxd5 10. hxg6 hxg6 11. Ncxd5 Nxd5 12.
Bxd5+ e6 13. Bg2 Qb6 14. c3 d5 15. Qb3 $1 Qxb3 16. axb3 Kf7 $13 {Pugachev,
A-Rublevsky,S USSR 1991 Inf 52/101/}) (6. O-O {1/2-1/2 Fridman,D-Mainka,R/
Essen 2000/CBM 77/[Meulders] (43)}) 6... O-O $2 $146 {Now white realizes his
opening idea with h4-h5, breaking the kingside of black;} (6... Ng4 {This move
is stopping the idea h4-h5 of white, because h6-spot is under control of black,
and black can respond with g6-g5 on white's h4-h5- white doesn't have
intermediate h5-h6 in that case;} 7. d5 Nce5 8. Nc3 Nf7 9. e4 e5 10. dxe6 dxe6
11. Qxd8+ $14 {1/2-1/2 Malaniuk,V-Borge,N/Espergarde 1992/CBM 33 (28)}) (6...
e5 7. dxe5 Nxe5 8. h5 c6 9. hxg6 hxg6 10. Rxh8+ Bxh8 11. Qd6 Qe7 12. Qxe7+ Kxe7
$11 {1/2-1/2 Doroshkievich,V-Potapov,A/St Petersburg RUS 2000/The Week in
Chess 314 (43)}) 7. h5 e5 $2 {Black leads the idea in the wrong moment- white
is getting decisive advantage by force now;} (7... g5 8. h6 Bh8 9. Nh3 g4 10.
Nf4 d5 $5 $14) (7... Qe8 8. hxg6 hxg6 9. Nc3 $16 {[%cal Ge2e4,Yd4d5] intending
e2-e4;}) 8. dxe5 Nxe5 9. hxg6 hxg6 10. Bd5+ $18 Nxd5 11. Qxd5+ Rf7 (11... Nf7
12. Nxg6 $18) {[%tqu "En","Find how white can win material now;","","","f4e6",
"",5]} 12. Ne6 $1 {reaching material advantage;} Qe7 13. Nxc7 ({White could
win an exchange by following move, but Ubilava has expected for bigger
advantage at that point:} 13. Ng5 $18) 13... Rb8 14. Nb5 {[%cal Rb5d6]} b6 $2 {
Black had a chance to reach an ending with "just" a pawn down by:} (14... Nc6
15. c3 (15. Nd6 Nb4 $132) 15... Qe6 16. Nc7 Qxd5 17. Nxd5 $18 {White's
advantage is decisive here as well;}) 15. Nd6 Ba6 16. Nc3 Re8 17. Bf4 {It lets
black to get some couterplay, but hopefully white can keep decisive advantage
there;} (17. Nxe8 Qxe8 18. Bh6 $18 {[%cal Ge1c1]}) 17... Ng4 $6 {even not
trying to complecate the game by:} (17... Nd3+ 18. cxd3 Bxc3+ 19. Kf1 Bxb2 (
19... Qxe2+ 20. Kg2 $18) 20. Rb1 $18) 18. e3 Ref8 19. Qb3 {Setting free d5
square for another knight;} Qd8 20. Nd5 $1 Ne5 21. O-O-O Nc6 22. Nc7 $1 {
Ubilava maximally uses his knights in this game;} Be2 (22... Qxc7 23. Nxf7 $18
{[%csl Rc7][%cal Gf7h6]}) 23. Nxf7 Rxf7 24. Ne6 {Another white knight has
achieved e6 point;} Qf6 25. Ng5 {[%cal Yb3g8] Both rooks of black are lost on
the pin over diagonal a2-g8;} Bxd1 26. Rxd1 Ne5 {This blunder doesn't change
anything about the result of this game;} 27. Bxe5 1-0

[Event "Albacete op 09th"]
[Site "Albacete"]
[Date "2001.09.02"]
[Round "5"]
[White "Ubilava, Elizbar"]
[Black "Fernandez Romero, Ernesto"]
[Result "1-0"]
[WhiteElo "2524"]
[BlackElo "2343"]
[PlyCount "59"]
[EventDate "2001.08.30"]
[EventType "swiss"]
[EventRounds "9"]
[EventCountry "ESP"]
[SourceTitle "EXT 2002"]
[Source "ChessBase"]
[SourceDate "2001.11.25"]
[SourceVersion "1"]
[SourceVersionDate "2001.11.25"]
[SourceQuality "1"]

1. Nf3 Nf6 2. c4 c5 3. g3 Nc6 4. Bg2 d5 5. cxd5 Nxd5 6. Nc3 Nc7 7. a3 e5 8. b4
f6 9. Rb1 Be7 10. bxc5 Bxc5 11. Qb3 Bb6 12. Na4 Be6 13. Qc2 Nd5 14. Nxb6 axb6
15. Bb2 Rc8 16. Qd3 O-O 17. O-O Rf7 18. e4 Nc7 19. Qe3 Bc4 20. Rfd1 Bd3 21.
Rbc1 Na5 22. Bh3 Ra8 23. Bxe5 Nc4 24. Bxc7 Nxe3 25. Bxd8 Nxd1 26. Bxb6 Re7 27.
Ne1 Nb2 28. Bd4 Na4 29. Nxd3 Rd8 30. Rc8 1-0

[Event "Elgoibar 12th"]
[Site "Elgoibar"]
[Date "2002.12.20"]
[Round "9"]
[White "Ubilava, Elizbar"]
[Black "Gonzalez de la Torre, Santiago"]
[Result "1-0"]
[WhiteElo "2552"]
[BlackElo "2399"]
[PlyCount "107"]
[EventDate "2002.12.12"]
[EventType "tourn"]
[EventRounds "9"]
[EventCountry "ESP"]
[EventCategory "9"]
[SourceTitle "CBM 093"]
[Source "ChessBase"]
[SourceDate "2003.04.01"]
[SourceVersion "1"]
[SourceVersionDate "2003.04.01"]
[SourceQuality "1"]

1. d4 d5 2. c4 c6 3. cxd5 cxd5 4. Nc3 Nf6 5. Bf4 Nc6 6. e3 Bg4 7. f3 Bd7 8. Bd3
a6 9. Nge2 e6 10. g4 Be7 11. h4 h6 12. Kf2 Kf8 13. Qg1 h5 14. g5 Ne8 15. Rc1 g6
16. Qg3 Nb4 17. Bb1 Bb5 18. Nxb5 axb5 19. Nc3 Qb6 20. Qh3 Bd6 21. Qg3 Be7 22.
Kg2 Nc6 23. Rhd1 b4 24. Ne2 Rg8 25. e4 Rd8 26. exd5 exd5 27. Rd2 Nd6 28. b3 Nb5
29. Bd3 Nd6 30. Be5 Nxe5 31. Qxe5 Ne8 32. Nf4 Bd6 33. Qe3 Bxf4 34. Qxf4 Qd6 35.
Qxd6+ Nxd6 36. Rc5 Kg7 37. Rxd5 Rge8 38. Kf2 Re6 39. Rc5 Ra8 40. Rc7 Rc8 41.
Rxc8 Nxc8 42. Rc2 Rc6 43. Rc4 Ne7 44. Rxb4 Rc3 45. Be4 Nc6 46. Rc4 Rxc4 47.
bxc4 Nxd4 48. Bxb7 Kf8 49. a4 Nb3 50. Ke3 Ke7 51. Bc6 f6 52. f4 fxg5 53. fxg5
Ke6 54. Be4 1-0

[Event "Collado Villalba op-A 20th"]
[Site "Collado Villalba"]
[Date "2003.08.29"]
[Round "8"]
[White "Cueto Chajtur, Johny"]
[Black "Ubilava, Elizbar"]
[Result "0-1"]
[WhiteElo "2355"]
[BlackElo "2525"]
[PlyCount "68"]
[EventDate "2003.08.22"]
[EventType "swiss"]
[EventRounds "9"]
[EventCountry "ESP"]
[SourceTitle "EXT 2004"]
[Source "ChessBase"]
[SourceDate "2003.11.25"]
[SourceVersion "1"]
[SourceVersionDate "2003.11.25"]
[SourceQuality "1"]

1. e4 c5 2. Nf3 d6 3. d4 cxd4 4. Nxd4 Nf6 5. Nc3 Nc6 6. g3 g6 7. Bg2 Bg4 8.
Nde2 Bg7 9. h3 Bxe2 10. Qxe2 O-O 11. O-O Rc8 12. Be3 Nd7 13. Nd5 e6 14. Nf4
Bxb2 15. Rab1 Bd4 16. Rxb7 Bb6 17. Rd1 Na5 18. Bxb6 axb6 19. Ra7 Ne5 20. Qd2
Nec6 21. Ra6 Qc7 22. Bf1 Nb8 23. Ra8 Qb7 24. Rxa5 bxa5 25. Qxa5 Qxe4 26. c4 Nc6
27. Qc3 Rfd8 28. Bg2 Qe5 29. Qd2 Qa5 30. Qe2 Ne5 31. Rc1 Rc5 32. Bf1 Qc7 33.
Qb2 d5 34. Rd1 dxc4 0-1